| 000 | 00740nam a2200229 i 4500 | ||
|---|---|---|---|
| 001 | 80175 | ||
| 003 | ES-MaACL | ||
| 005 | 20230906174143.0 | ||
| 007 | t| | ||
| 008 | 171222s1971 sp ||||1| spa d | ||
| 100 | 0 |
_aWhiting, Charles. _9116704 |
|
| 245 | 1 | 0 |
_aPatton / _cCharles Whiting ; [traductor, Diorki]. |
| 260 |
_aMadrid : _bLibrería San Martín, _cD.L. 1971. |
||
| 300 |
_a160 p. : _bil. ; _c21 cm. |
||
| 490 | 1 |
_aHistoira de la Segunda Guerra Mundial. Personajes ; _v1 |
|
| 600 | 1 | 4 |
_aPatton, George S. _9163958 |
| 650 | 0 | 4 |
_aGuerra mundial, 1939-1945. _913228 |
| 710 | 2 |
_aDiorki. _93392 |
|
| 830 | 0 |
_aHistoira de la Segunda Guerra Mundial. Personajes ; _v1 _9231481 |
|
| 852 |
_aES-MaACL _jG-56 |
||
| 999 |
_c80175 _d80175 |
||